| 000 | 01177nam a2200265 4500 | ||
|---|---|---|---|
| 005 | 20250821142655.0 | ||
| 007 | ta | ||
| 008 | 160627s2018 000 0 eng d | ||
| 020 | _a9789588416847 | ||
| 040 |
_aCO-CtgCURN _bspa _ccoctgcurn |
||
| 082 | 0 |
_a861.7 _bR696 |
|
| 100 | 1 |
_aRodríguez Osorio, Gabriel, _d1955- _6gabrielrodriguez@ibrinmobiliaria.com. |
|
| 245 | 1 | 3 |
_aEl rastro de la noche / _cGabriel Rodríguez Osorio. |
| 260 | 1 |
_aBogotá : _bApidama Ediciones, _c2018. |
|
| 300 |
_a125 páginas ; _c21 cm. |
||
| 336 | _2rdacontent | ||
| 337 |
_2rdamedia _asin mediacion _bn |
||
| 338 |
_2rdacarrier _avolumen _bnc |
||
| 490 | 1 |
_aPoetas del nuevo milenio ; _v67 |
|
| 520 | 8 | _a"La noche, con motivo de inspiración para este libro, esa asombrosa conjunción de luna y sombras, de oscuridad y silencio, es un asomarnos a nuestra caverna interior, desde las entrañas de la palabra. GRO nació en Cartagena de Indias y nos presenta su primer libro de poemas." | |
| 650 | 1 | 4 | _aPoesía colombiana. |
| 650 | 1 | 4 |
_aPoetas _vColecciones _zCartagena de Indias, Colombia. |
| 942 |
_cCTG _h613.71 _iR696 _2ddc |
||
| 999 |
_c49457 _d49457 |
||